=LDR 00000nam 2200000 4500 =001 INLIS000000000031676 =005 20130612133733 =008 ***********************************ind** =035 ##$$0010-061300000031676 =041 ##$$a ind =082 ##$$a 028.5 =090 ##$$a 028.5, Kus i =100 ##$$a KUSTIANTARI, Dewi Rieka =245 ##$$a Indonesia Yang Kubanggakan, Dewi Rieka Kustiantari, Nunik Utami Ambarsari; Editor, Bambang Sarwiji =260 ##$$a Ganesa $b Jakarta =300 ##$$a iv,19 hlm., , Illus., , 21 cm =650 ##$$a BACAAN ANAK_ANAK =700 ##$$a SAMOIJI, Bambang =850 ##$$a NBPNMAT